000 00438nam a22001457a 4500
005 20180723152726.0
020 _a8180690628
_c300.00
035 _aB-167429, B-167428
037 _aDPL
_bENG
100 _aSingh. S.K.
245 _aPanchayati raj finances in Madhya Pradesh /
_cby S.K. Singh
260 _aNew Delhi
_bConcept Publishing Company
_c2004
300 _axiv, 162p.
_c20 cms.
942 _2ddc
_cEN
_h352.0072
_mSIN
999 _c67626
_d67626